|
|
|
|
| LEADER |
00838nam a2200241 a 4500 |
| 001 |
7671 |
| 003 |
BD-DhAAL |
| 005 |
20150711200344.0 |
| 008 |
150711s1990 nyu 000 1 eng |
| 010 |
|
|
|a 90041145
|
| 020 |
|
|
|a 0399135812 (acidfree paper) :
|c $19.95
|
| 040 |
|
|
|a DLC
|c DLC
|d DLC
|d OCoLC
|d DLC
|d BD-DhAAL
|
| 050 |
0 |
0 |
|a PR6056.R27
|b L66 1990
|
| 082 |
0 |
0 |
|a 823/.914
|2 20
|
| 100 |
1 |
|
|a Francis, Dick.
|9 12949
|
| 245 |
1 |
0 |
|a Longshot /
|c Dick Francis.
|
| 260 |
|
|
|a New York :
|a Calcutta :
|b Putnam,
|b Rupa,
|c c1990.
|
| 300 |
|
|
|a 304 p. ;
|c 18 cm.
|
| 650 |
|
0 |
|a Horse racing
|x Fiction.
|9 13125
|
| 655 |
|
7 |
|a Detective and mystery stories.
|2 gsafd
|9 6854
|
| 942 |
|
|
|2 ddc
|c BK
|
| 999 |
|
|
|c 35040
|d 35040
|
| 952 |
|
|
|0 0
|1 0
|2 ddc
|4 0
|6 823_914000000000000_FRA
|7 0
|9 54920
|a SCL
|b SCL
|c GEN
|d 2015-07-11
|e Gift
|l 0
|o 823.914 FRA
|p 3020007671
|r 2015-07-11
|t 1
|w 2015-07-11
|y BK
|